The diabetic at work and play /

Bibliographic Details
Main Author: Boshell, Buris R., 1926-
Format: Book
Language:English
Published: Springfield, Ill. : Thomas, 1979.
Edition:2d ed.
Subjects:

MARC

Tag First Indicator Second Indicator Subfields
LEADER 00000pam a2200000 i 4500
001 in00000066901
005 20151008050807.0
008 790223s1979 ilua b 00110 eng
010 |a  79011264  
020 |a 0398039216 
035 |a (OCoLC)04774715 
035 |9 AAG3411AM 
040 |a DLC  |c DLC  |d TXA  |d UtOrBLW 
049 |a TXAM  |c [1191706] 
050 0 0 |a RC660  |b .B67 1979 
060 0 |a WK850.3 B743d 
082 0 |a 616.4/62 
100 1 |a Boshell, Buris R.,  |d 1926- 
245 1 4 |a The diabetic at work and play /  |c by Buris R. Boshell. 
250 |a 2d ed. 
264 1 |a Springfield, Ill. :  |b Thomas,  |c 1979. 
300 |a xi, 186 pages :  |b illustrations ;  |c 24 cm. 
336 |a text  |b txt  |2 rdacontent 
337 |a unmediated  |b n  |2 rdamedia 
338 |a volume  |b nc  |2 rdacarrier 
500 |a Includes index. 
504 |a Bibliography: page 165. 
650 0 |a Diabetes. 
650 2 |a Diabetes Mellitus  |x Popular works. 
999 |a MARS 
999 f f |s d9d1d7d1-0318-3bf6-bd59-24512e847356  |i f5fa3b35-783f-36cf-afe2-5c79aab59642  |t 0 
952 f f |p ric  |a Texas A&M University  |b Rellis Campus  |c Joint Library Facility  |d Remote Storage  |t 0  |e RC660 .B67 1979  |h Library of Congress classification  |i unmediated -- volume  |m A14805125307 
998 f f |a RC660 .B67 1979  |t 0  |l Remote Storage